000 00693nam a2200289Ia 4500
005 20260324125900.0
008 008 260324s9999 xx 000 0 eng d
020 _a9780203049556
037 _aEBOOK
040 _aCRL
040 _beng
040 _cCRL
041 _2eng
041 _aeng
084 _qCRL
100 _aMarcel De Meirleir
_91179687
245 0 _aLocation, Location, Location
245 2 _bA Plant Location and Site Selection Guide
260 _bTaylor and Francis
260 _c2008
365 _a
365 _b240
856 _uhttp://www.taylorfrancis.com/books/9780203049556
942 _cEBOOK
999 _c1775326
_d1775326